[Event "Tata Steel India Blitz"]
[Site "Kolkata IND"]
[Date "2018.11.13"]
[Round "5.5"]
[White "So, Wesley"]
[Black "Harikrishna, Pentala"]
[Result "1-0"]
[WhiteTitle "GM"]
[BlackTitle "GM"]
[WhiteElo "2765"]
[BlackElo "2729"]
[WhiteFideId "5202213"]
[BlackFideId "5007003"]
[EventDate "2018.11.13"]

1. c4 Nf6 2. Nc3 e5 3. Nf3 Nc6 4. e3 Bb4 5. Qc2 Bxc3 6. bxc3 O-O 7. e4 d6 8. g3
Kh8 9. d3 Ng8 10. Nh4 Nge7 11. Bg2 f5 12. exf5 Nxf5 13. Nf3 Nfe7 14. O-O h6 15.
Be3 Bf5 16. Nh4 Bh7 17. Qe2 Qd7 18. d4 Nf5 19. Nxf5 Bxf5 20. Rfe1 Rae8 21. Qb2
b6 22. c5 exd4 23. cxd4 d5 24. Rac1 Na5 25. Bf4 Nc4 26. Qc3 c6 27. cxb6 axb6 28.
Bf1 Bh3 29. Rxe8 Rxe8 30. Bxc4 dxc4 31. Qxc4 Re4 32. Be5 c5 33. f3 Rxe5 34. dxe5
Qd2 35. Qc2 Qe3+ 36. Kh1 Qxf3+ 37. Kg1 Qe3+ 38. Kh1 Bg4 39. h3 Bf3+ 40. Kh2 Be2
41. Rg1 Bd3 42. Qc3 b5 43. e6 Qe2+ 44. Rg2 Qe4 45. e7 Bc4 46. a4 Qxe7 47. axb5
Bxb5 48. Rc2 c4 49. Rb2 Qc5 50. Qb4 Qxb4 51. Rxb4 Bd7 52. Rxc4 Bf5 53. Rc5 Bg6
54. h4 Kg8 55. Kg2 Be4+ 56. Kf2 Kf7 57. Ke3 Bb1 58. Kf4 Bd3 59. Ke5 Bb1 60. Rc7+
Kf8 61. Rb7 Bd3 62. Rb4 Kf7 63. Rb3 Bc2 64. Rb7+ Kg6 65. Ke6 Bf5+ 66. Ke7 Kh5
67. Kf7 g5 68. Kf6 Bd3 69. hxg5 hxg5 70. Rg7 g4 71. Rg5+ 1-0

[Event "Tata Steel India Blitz"]
[Site "Kolkata IND"]
[Date "2018.11.13"]
[Round "6.1"]
[White "Nakamura, Hikaru"]
[Black "Karjakin, Sergey"]
[Result "1/2-1/2"]
[WhiteTitle "GM"]
[BlackTitle "GM"]
[WhiteElo "2746"]
[BlackElo "2753"]
[WhiteFideId "2016192"]
[BlackFideId "14109603"]
[EventDate "2018.11.13"]

1. Nf3 d5 2. e3 Nf6 3. c4 e6 4. b3 Be7 5. Bb2 O-O 6. Nc3 b6 7. cxd5 Nxd5 8. Nxd5
exd5 9. d4 a5 10. Bd3 Ba6 11. O-O Nd7 12. Rc1 Bd6 13. Ne5 Nf6 14. Nc6 Qc8 15. f3
Re8 16. Re1 Bxd3 17. Qxd3 Qa6 18. Qc2 Re6 19. e4 Bf4 20. Rcd1 Qb7 21. exd5 Be3+
22. Kh1 Nxd5 23. Ne5 Rae8 24. Qf5 f6 25. Nc4 Qc6 26. Qb1 Bf4 27. Re4 f5 28. Ne5
Bxe5 29. Rxe5 g6 30. Rc1 Qd7 31. Qc2 Kf7 32. Qc4 c6 1/2-1/2

[Event "Tata Steel India Blitz"]
[Site "Kolkata IND"]
[Date "2018.11.13"]
[Round "6.2"]
[White "Harikrishna, Pentala"]
[Black "Mamedyarov, Shakhriyar"]
[Result "1/2-1/2"]
[WhiteTitle "GM"]
[BlackTitle "GM"]
[WhiteElo "2729"]
[BlackElo "2817"]
[WhiteFideId "5007003"]
[BlackFideId "13401319"]
[EventDate "2018.11.13"]

1. e4 e5 2. Nf3 Nc6 3. Bb5 a6 4. Ba4 Nf6 5. O-O Nxe4 6. d4 b5 7. Bb3 d5 8. dxe5
Be6 9. Nbd2 Nc5 10. c3 d4 11. Bxe6 Nxe6 12. cxd4 Ncxd4 13. Nxd4 Qxd4 14. Qf3 Rd8
15. Qc6+ Qd7 16. Qxa6 Qd5 17. Qa5 Be7 18. Nf3 g5 19. Be3 g4 20. Nd2 Qxe5 21. Qc3
Bd6 22. g3 O-O 23. a4 bxa4 24. Qxe5 Bxe5 25. Rxa4 f5 26. Nc4 Bd4 27. Kg2 h5 28.
h3 Bxe3 29. Nxe3 f4 30. gxf4 Nxf4+ 31. Kg3 Nxh3 32. Nxg4 Rd3+ 33. f3 Ng5 34. Nh2
Kh7 35. Rc4 Rf7 36. Rfc1 Ne6 37. R1c2 Rd1 38. Kf2 Rg7 39. Nf1 Rf7 40. Rc6 Rf6
41. Ng3 Rd3 42. Ne4 Rfxf3+ 43. Kg1 Nd4 44. Ng5+ Kg7 45. Rxc7+ Kf6 46. Nxf3 Nxc2
47. Rc6+ Kf5 48. Rxc2 Rxf3 1/2-1/2

[Event "Tata Steel India Blitz"]
[Site "Kolkata IND"]
[Date "2018.11.13"]
[Round "6.3"]
[White "Aronian, Levon"]
[Black "So, Wesley"]
[Result "1/2-1/2"]
[WhiteTitle "GM"]
[BlackTitle "GM"]
[WhiteElo "2765"]
[BlackElo "2765"]
[WhiteFideId "13300474"]
[BlackFideId "5202213"]
[EventDate "2018.11.13"]

1. Nf3 d5 2. e3 Nf6 3. c4 e6 4. Nc3 Bd6 5. b3 O-O 6. g3 c5 7. Bg2 Nc6 8. cxd5
exd5 9. O-O Re8 10. Bb2 d4 11. Ne2 Qe7 12. Re1 dxe3 13. dxe3 Bf5 14. Nh4 Bd7 15.
Qb1 Be5 16. Bxe5 Qxe5 17. a3 Qe7 18. Qc2 Rac8 19. Rad1 g6 20. Nc3 Bg4 21. Rc1
Red8 22. Qb1 Ne5 23. h3 Be6 24. Red1 b6 25. f4 Nc6 26. Rxd8+ Qxd8 27. Rd1 Qe7
28. Nb5 Na5 29. e4 Bxb3 30. Re1 Nh5 31. Kh2 Nxf4 32. Nf5 gxf5 33. gxf4 a6 34.
Nc3 Qh4 35. Qc1 Kh8 36. exf5 Rg8 37. Ne4 f6 38. Qc3 Bd5 39. Re3 Bxe4 40. Rxe4
Nc6 41. Qe3 Qh6 42. Re6 Nd4 43. Rxb6 Qg7 44. Qf2 c4 45. Bd5 Re8 46. Be6 Nxe6 47.
Rxe6 Rc8 48. Re3 c3 49. Rg3 Qd7 50. Qb6 Qd2+ 51. Kh1 Qd1+ 52. Kh2 Qd2+ 53. Kh1
Qd5+ 54. Kh2 Qc6 55. Qa7 Rg8 56. Qf7 Rxg3 57. Kxg3 Qd6 58. Qc4 Qxa3 59. Kh4 Kg7
60. Qc7+ Kh6 61. Qd8 Kg7 62. Qc7+ Kh6 63. Qd8 Kg7 1/2-1/2

[Event "Tata Steel India Blitz"]
[Site "Kolkata IND"]
[Date "2018.11.13"]
[Round "6.4"]
[White "Ganguly, Surya Shekhar"]
[Black "Vidit, Santosh Gujrathi"]
[Result "0-1"]
[WhiteTitle "GM"]
[BlackTitle "GM"]
[WhiteElo "2615"]
[BlackElo "2702"]
[WhiteFideId "5002150"]
[BlackFideId "5029465"]
[EventDate "2018.11.13"]

1. e4 e5 2. Nf3 Nc6 3. Bc4 Bc5 4. c3 Nf6 5. d3 O-O 6. b4 Be7 7. Nbd2 d5 8. Bb3
a5 9. b5 Na7 10. a4 c6 11. b6 Qxb6 12. Nxe5 Qc7 13. Nef3 dxe4 14. dxe4 Bg4 15.
O-O Nd7 16. Qe2 Nc5 17. Bc2 b5 18. e5 bxa4 19. Ba3 Bh5 20. Bxc5 Bxc5 21. Rxa4
Rfe8 22. Bxh7+ Kxh7 23. Rh4 g6 24. g4 Be7 25. Rh3 Qc8 26. Qe4 Kg7 27. Rg3 Bxg4
28. Rxg4 Nb5 29. Kh1 Nxc3 30. Qf4 Nd5 31. Qe4 Nc3 32. Qf4 c5 33. Nc4 Qc6 34. Ne3
Bf8 35. Nf5+ Kg8 36. Qg3 Rad8 37. Nd6 Rxd6 38. exd6 Qxd6 39. Qh3 Bg7 40. Rfg1
Qd5 41. Rg5 Qc6 42. Qg2 a4 43. h4 Ne2 44. Rg4 Nxg1 45. Kxg1 a3 0-1

[Event "Tata Steel India Blitz"]
[Site "Kolkata IND"]
[Date "2018.11.13"]
[Round "7.1"]
[White "Karjakin, Sergey"]
[Black "Harikrishna, Pentala"]
[Result "1/2-1/2"]
[WhiteTitle "GM"]
[BlackTitle "GM"]
[WhiteElo "2753"]
[BlackElo "2729"]
[WhiteFideId "14109603"]
[BlackFideId "5007003"]
[EventDate "2018.11.13"]

1. e4 e5 2. Nf3 Nc6 3. Bb5 Nf6 4. d3 Bc5 5. O-O Nd4 6. Nxd4 Bxd4 7. c3 Bb6 8.
Ba4 c6 9. Na3 d6 10. Nc4 Bc7 11. Bb3 d5 12. exd5 cxd5 13. Ne3 O-O 14. d4 Be6 15.
dxe5 Bxe5 16. Nc2 Qc7 17. h3 h6 18. Be3 Ne4 19. Bd4 Bh2+ 20. Kh1 Bf4 21. Ne3
Rad8 22. Qh5 Nd2 23. Rfe1 Nxb3 24. axb3 a6 25. Re2 Qd7 26. Rae1 Bc7 27. Ng4 Bxg4
28. hxg4 Rfe8 29. g3 Re4 30. Qf5 Qxf5 31. gxf5 Rxe2 32. Rxe2 Bd6 33. Kg2 f6 34.
f4 Kf7 35. Re6 Rd7 36. Kf3 Be7 37. g4 Rc7 38. b4 Rc6 39. Re1 Rc4 40. Ra1 Rc7 41.
b5 axb5 42. Ra5 b4 43. Rxd5 bxc3 44. bxc3 Ke8 45. Ke4 Rd7 46. Rb5 Bd6 47. c4
Re7+ 48. Kf3 Rd7 49. Be3 Rc7 50. Ke4 Be7 51. c5 Bf8 52. Kd5 Rd7+ 53. Kc4 Re7 54.
Bd4 Kd8 55. Ra5 Rc7 56. Kb5 Rc6 57. Ra8+ Rc8 58. Ra7 Rc7 59. Kb6 Rc6+ 60. Kb5
Rc7 61. Bf2 Be7 62. Ra4 Kd7 63. Ra8 Rc8 64. Ra7 Rc7 65. Bd4 Kd8 66. Ra4 Rc6 67.
Ra8+ Rc8 68. Ra4 Rc7 69. Be3 Rc6 70. Re4 Kd7 71. Bd4 Ra6 72. Kc4 Ra4+ 73. Kd5
Ra5 74. Re6 Rb5 75. Re2 Bd8 76. Ra2 Ra5 77. Re2 b6 78. Re6 bxc5 79. Bxc5 Ra4 80.
Rd6+ Ke8 81. Re6+ Kf7 82. Bd6 Ra5+ 83. Kc6 Ra7 84. Re2 g6 85. fxg6+ Kxg6 86. Re8
Ba5 87. f5+ Kf7 88. Rh8 Kg7 89. Rc8 Bd2 90. Kd5 Ra4 91. Rc7+ Kg8 92. Ke6 Ra6 93.
Rd7 Bf4 94. Ke7 Bg5 95. Rd8+ Kg7 96. Rd7 Kg8 97. Bc5 Ra4 98. Bd4 Kg7 99. Bxf6+
Bxf6+ 100. Ke6+ Kg8 101. Kxf6 Rxg4 102. Rd8+ Kh7 103. Kf7 h5 104. f6 Ra4 105.
Ke6 Ra6+ 106. Ke7 Ra7+ 107. Rd7 Ra8 108. Kf7 Kh6 109. Re7 h4 110. Re3 Kg5 111.
Kg7 Kg4 112. f7 Ra7 113. Kg6 Rxf7 114. Kxf7 h3 115. Rxh3 Kxh3 1/2-1/2

[Event "Tata Steel India Blitz"]
[Site "Kolkata IND"]
[Date "2018.11.13"]
[Round "7.2"]
[White "Anand, Viswanathan"]
[Black "Nakamura, Hikaru"]
[Result "1/2-1/2"]
[WhiteTitle "GM"]
[BlackTitle "GM"]
[WhiteElo "2773"]
[BlackElo "2746"]
[WhiteFideId "5000017"]
[BlackFideId "2016192"]
[EventDate "2018.11.13"]

1. e4 e5 2. Nf3 Nc6 3. Bb5 Nf6 4. O-O Nxe4 5. d4 Nd6 6. Bxc6 dxc6 7. dxe5 Nf5 8.
Qxd8+ Kxd8 9. Nc3 Ke8 10. h3 h5 11. Bg5 Be6 12. Rad1 Be7 13. Rfe1 Rd8 14. Rxd8+
Kxd8 15. b3 Ke8 16. Rd1 h4 17. Kf1 Rh5 18. Bc1 Bb4 19. Ne2 Bd5 20. Nf4 Bxf3 21.
gxf3 Rh8 22. Ng2 Ke7 23. Ne3 Nxe3+ 24. Bxe3 Ke6 25. f4 Rc8 26. Ke2 g6 27. Kf3
Kf5 28. Rd7 Ke6 29. Rd3 a6 30. Ke4 Be7 31. Rd1 Re8 32. c4 c5 1/2-1/2

[Event "Tata Steel India Blitz"]
[Site "Kolkata IND"]
[Date "2018.11.13"]
[Round "7.3"]
[White "Vidit, Santosh Gujrathi"]
[Black "Praggnanandhaa, R"]
[Result "1/2-1/2"]
[WhiteTitle "GM"]
[BlackTitle "GM"]
[WhiteElo "2702"]
[BlackElo "2530"]
[WhiteFideId "5029465"]
[BlackFideId "25059530"]
[EventDate "2018.11.13"]

1. d4 Nf6 2. Nf3 d5 3. c4 e6 4. g3 Bb4+ 5. Bd2 Bd6 6. Nc3 c6 7. Qc2 O-O 8. e4 e5
9. dxe5 Bg4 10. Be2 dxe4 11. Nxe4 Nxe4 12. exd6 Re8 13. O-O Qxd6 14. Bf4 Qf6 15.
Rfe1 Nd7 16. Ng5 Bf5 17. Nxe4 Bxe4 18. Qc3 Qxc3 19. bxc3 Nc5 20. Be3 Nd3 21.
Red1 Ne5 22. Kf1 Bf3 23. Bxf3 Nxf3 24. h3 Ne5 25. Rd4 c5 26. Re4 b6 27. Rd1 f6
28. a4 Kf8 29. a5 Nf7 30. Rxe8+ Kxe8 31. Rb1 Nd6 32. axb6 axb6 33. Rxb6 Nxc4 34.
Rb7 Nxe3+ 35. fxe3 Kf8 36. Rc7 Re8 37. Ke2 Re5 38. c4 Rg5 39. g4 h5 40. Kf3
hxg4+ 41. hxg4 Re5 42. e4 g6 43. Kf4 Kg8 44. Rd7 Kf8 45. Rd5 g5+ 46. Ke3 Ke7 47.
Kd3 Ke6 48. Rd8 Ke7 49. Ra8 Kf7 50. Ra7+ Ke6 51. Ke3 Kd6 52. Ra6+ Ke7 53. Rc6
Kf7 54. Kd3 Ke7 55. Ke3 Kf7 56. Rd6 Ke7 57. Rd1 Re6 58. Rd5 Re5 1/2-1/2

[Event "Tata Steel India Blitz"]
[Site "Kolkata IND"]
[Date "2018.11.13"]
[Round "7.4"]
[White "So, Wesley"]
[Black "Ganguly, Surya Shekhar"]
[Result "1-0"]
[WhiteTitle "GM"]
[BlackTitle "GM"]
[WhiteElo "2765"]
[BlackElo "2615"]
[WhiteFideId "5202213"]
[BlackFideId "5002150"]
[EventDate "2018.11.13"]

1. c4 e5 2. g3 Nf6 3. Bg2 d5 4. cxd5 Nxd5 5. Nc3 Nb6 6. Nf3 Nc6 7. O-O Be7 8. d3
O-O 9. Be3 Re8 10. a4 a6 11. a5 Nd7 12. Nd2 Nd4 13. Nc4 Bf8 14. f4 Nf5 15. Bd2
exf4 16. Bxf4 Nf6 17. Kh1 Nh5 18. Qd2 Bb4 19. g4 Nxf4 20. Qxf4 Nh6 21. Nd5 Bd6
22. Nxd6 cxd6 23. g5 Nf5 24. e4 Nd4 25. Qxf7+ Kh8 26. Nc7 Be6 27. Qxe8+ 1-0

[Event "Tata Steel India Blitz"]
[Site "Kolkata IND"]
[Date "2018.11.13"]
[Round "7.5"]
[White "Mamedyarov, Shakhriyar"]
[Black "Aronian, Levon"]
[Result "1/2-1/2"]
[WhiteTitle "GM"]
[BlackTitle "GM"]
[WhiteElo "2817"]
[BlackElo "2765"]
[WhiteFideId "13401319"]
[BlackFideId "13300474"]
[EventDate "2018.11.13"]

1. d4 Nf6 2. c4 e6 3. Nc3 Bb4 4. f3 c5 5. d5 O-O 6. e4 d6 7. Bg5 exd5 8. cxd5
Nbd7 9. Bd3 Ne5 10. Ne2 c4 11. Bc2 Bc5 12. Qd2 h6 13. Be3 Qb6 14. Bxc5 Qxc5 15.
Qd4 b5 16. Qxc5 dxc5 17. Nxb5 Rb8 18. Nbc3 Rxb2 19. Kd2 Nfd7 20. Rhb1 Rb4 21. a3
Rb6 22. f4 Nd3 23. Rxb6 axb6 24. Bxd3 cxd3 25. Kxd3 Ba6+ 26. Kd2 f6 27. Rb1 Ra8
28. a4 Kf7 29. h4 g5 30. hxg5 hxg5 31. fxg5 Rg8 32. Ke3 Rxg5 33. g3 Ne5 34. Kf2
Nc4 35. Rh1 Bc8 36. Nf4 Bd7 37. Rb1 Ke7 38. a5 bxa5 39. Rb7 Rg8 40. Nd3 Rc8 41.
Na4 Nd6 42. Ra7 Nxe4+ 43. Ke3 c4 44. Nb6 Rd8 45. Nxc4 Nd6 46. Nxa5 Nb5 47. Ra6
Rg8 48. Kf2 Rg5 49. Nf4 Nd6 50. Ra7 Ke8 51. Nb3 Ne4+ 52. Kf3 Rxg3+ 53. Kxe4 Rxb3
54. d6 Rb4+ 55. Ke3 Rb6 56. Ra8+ Kf7 57. Ra7 Rxd6 58. Ra5 Bg4 59. Ra7+ Ke8 60.
Ra8+ Kd7 61. Ra7+ Kc8 62. Rg7 Bd7 63. Rf7 Be8 64. Ra7 Kd8 65. Ra8+ Ke7 66. Ra7+
Bd7 67. Ra5 f5 68. Re5+ 1/2-1/2

[Event "Tata Steel India Blitz"]
[Site "Kolkata IND"]
[Date "2018.11.13"]
[Round "8.1"]
[White "Harikrishna, Pentala"]
[Black "Anand, Viswanathan"]
[Result "1/2-1/2"]
[WhiteTitle "GM"]
[BlackTitle "GM"]
[WhiteElo "2729"]
[BlackElo "2773"]
[WhiteFideId "5007003"]
[BlackFideId "5000017"]
[EventDate "2018.11.13"]

1. e4 e5 2. Nf3 Nc6 3. Bb5 a6 4. Ba4 Nf6 5. O-O Nxe4 6. d4 b5 7. Bb3 d5 8. dxe5
Be6 9. Nbd2 Be7 10. c3 O-O 11. Bc2 f5 12. Nb3 Qd7 13. Re1 Rad8 14. a4 b4 15. Qd3
bxc3 16. bxc3 Nb8 17. Nbd4 c5 18. Nxe6 Qxe6 19. Bd2 Nc6 20. Qxa6 c4 21. Bxe4
fxe4 22. Ng5 Qg6 23. Be3 Ra8 24. Qb5 Ra5 25. Qb7 Bxg5 26. Bxg5 Nxe5 27. h4 Nd3
28. Reb1 h6 29. Be3 Ne5 30. Qb6 Rfa8 31. Qxg6 Nxg6 32. h5 Ne5 33. Rb7 Rxa4 34.
Rxa4 Rxa4 35. Bd4 Nc6 36. Bxg7 d4 37. Bxd4 Nxd4 38. cxd4 c3 39. Rc7 Rxd4 40.
Rxc3 Rd5 41. Re3 Rxh5 42. Rxe4 Kg7 43. g3 Ra5 44. Kg2 Ra2 45. Re5 Rb2 46. g4 Rb3
47. f3 Ra3 48. Kg3 Rb3 49. Kf2 Ra3 50. f4 Rb3 51. Re3 Rb1 52. Kf3 Kf6 53. f5 Kg5
54. Re6 Rb3+ 55. Ke4 Rb4+ 56. Ke5 Rb5+ 57. Kd6 Kxg4 58. f6 Rf5 59. Ke7 h5 60. f7
Rxf7+ 61. Kxf7 h4 62. Re4+ Kg3 63. Kg6 h3 64. Re3+ Kg4 65. Rxh3 Kxh3 1/2-1/2

[Event "Tata Steel India Blitz"]
[Site "Kolkata IND"]
[Date "2018.11.13"]
[Round "8.2"]
[White "Aronian, Levon"]
[Black "Karjakin, Sergey"]
[Result "1-0"]
[WhiteTitle "GM"]
[BlackTitle "GM"]
[WhiteElo "2765"]
[BlackElo "2753"]
[WhiteFideId "13300474"]
[BlackFideId "14109603"]
[EventDate "2018.11.13"]

1. e4 c6 2. d4 d5 3. exd5 cxd5 4. c3 Nf6 5. Bd3 Nc6 6. Bf4 Bg4 7. Qb3 Na5 8.
Qa4+ Bd7 9. Qc2 a6 10. Nd2 e6 11. Ngf3 Bb5 12. Bxb5+ axb5 13. a3 Be7 14. O-O O-O
15. Rae1 Nc4 16. Ne5 Ra6 17. Nd3 Rc6 18. Qd1 Rb6 19. Nf3 Ne4 20. Nfe5 Bf6 21. f3
Ned6 22. Ng4 Bh4 23. g3 Bg5 24. Bxd6 Nxd6 25. h4 Be7 26. h5 Re8 27. Kg2 Bf8 28.
Qc1 Nf5 29. Ne3 Nd6 30. Rh1 Be7 31. Ng4 Bg5 32. Qc2 Be7 33. Qf2 Nf5 34. Ne3 Nd6
35. Re2 h6 36. Ng4 Nf5 37. Nge5 Ra6 38. Rh3 Nd6 39. Qe1 Ra8 40. Rh1 Rc8 41. Rf1
Bf6 42. Ng4 Be7 43. Qd1 Nc4 44. Nge5 Nd6 45. g4 Bf6 46. f4 Ne4 47. Re3 Bxe5 48.
Nxe5 f6 49. Ng6 f5 50. Qf3 Qf6 51. Qh3 Rc7 52. Kh1 Rf7 53. Re2 fxg4 54. Qxg4 Qf5
55. Qf3 Qxh5+ 56. Qxh5 Ng3+ 57. Kh2 Nxh5 58. f5 Rf6 59. Rf3 Kf7 60. Ne5+ Ke7 61.
Ng4 Rff8 62. Rxe6+ Kd7 63. Ne5+ Kc7 64. Rg6 Re7 65. Rg2 Nf6 66. Ng6 Rfe8 67.
Nxe7 Rxe7 68. Rfg3 Ne8 69. Rg6 Rf7 70. Re2 Nd6 71. Re5 Nxf5 72. Rxd5 Ne7 73.
Rc5+ Kb8 74. Rg2 g5 75. Rxb5 Rf6 76. c4 Ng6 77. d5 Rf3 78. c5 Kc8 79. Rb6 Nf4
80. Rxh6 Nxg2 81. Kxg2 Rb3 82. Rb6 1-0

[Event "Tata Steel India Blitz"]
[Site "Kolkata IND"]
[Date "2018.11.13"]
[Round "8.3"]
[White "So, Wesley"]
[Black "Mamedyarov, Shakhriyar"]
[Result "1-0"]
[WhiteTitle "GM"]
[BlackTitle "GM"]
[WhiteElo "2765"]
[BlackElo "2817"]
[WhiteFideId "5202213"]
[BlackFideId "13401319"]
[EventDate "2018.11.13"]

1. Nf3 Nf6 2. c4 b6 3. d4 Bb7 4. g3 g6 5. Bg2 Bg7 6. O-O O-O 7. d5 e6 8. Nc3 Re8
9. Nd4 exd5 10. cxd5 Na6 11. Rb1 Nc5 12. Bf4 Nce4 13. Nxe4 Nxe4 14. Nb5 d6 15.
Qc2 Bxd5 16. Qxc7 Nf6 17. Qc2 Bxg2 18. Kxg2 Qd7 19. Qd3 Ne4 20. Qd5 Nf6 21. Qd3
Ne4 22. Qd5 Nc5 23. Nxd6 Rad8 24. Rbd1 Rxe2 25. Qf3 Qe6 26. b4 Na4 27. Nxf7 Rf8
28. Ng5 Qc4 29. Rd7 Nc3 30. Rc1 Bd4 31. Rxd4 Qxd4 32. Rxc3 Rxf2+ 33. Qxf2 Qxc3
34. Qe2 Qc6+ 35. Qe4 Rc8 36. Kf3 Qxe4+ 37. Nxe4 Rc2 38. a4 Rxh2 39. b5 Ra2 40.
Nc3 Ra3 41. Be5 Kf7 42. Kg4 Ke6 43. Bd4 h6 44. Kf4 Rb3 45. Ke4 g5 46. g4 Rb4 47.
Kd3 Rb2 48. Bg7 Rg2 49. Bxh6 Rg3+ 50. Kd2 Rxg4 51. Bg7 Rb4 52. Bf8 Rf4 53. Bh6
Kf6 54. Nd5+ 1-0

[Event "Tata Steel India Blitz"]
[Site "Kolkata IND"]
[Date "2018.11.13"]
[Round "8.4"]
[White "Ganguly, Surya Shekhar"]
[Black "Praggnanandhaa, R"]
[Result "0-1"]
[WhiteTitle "GM"]
[BlackTitle "GM"]
[WhiteElo "2615"]
[BlackElo "2530"]
[WhiteFideId "5002150"]
[BlackFideId "25059530"]
[EventDate "2018.11.13"]

1. Nf3 Nf6 2. g3 b5 3. Na3 Ba6 4. c3 e6 5. Bg2 d5 6. O-O Nbd7 7. d3 Be7 8. Nd4
Bxa3 9. Nc6 Qc8 10. bxa3 Qb7 11. Nb4 c5 12. Nxa6 Qxa6 13. a4 Qxa4 14. Qxa4 bxa4
15. Rb1 O-O 16. Rb5 Rfb8 17. Ra5 Rb7 18. Ba3 Rc8 19. Rxa4 c4 20. Rxc4 dxc4 21.
Bxb7 Rc7 22. Rb1 cxd3 23. Ba6 dxe2 24. Bxe2 Rxc3 25. Bb2 Rc2 26. Bf3 a5 27. a3
h6 28. Kg2 Rc8 29. Bxf6 gxf6 30. Rb7 Ne5 31. Bh5 Kg7 32. Rb5 a4 33. Ra5 Rc4 34.
Ra7 Rd4 35. f4 Ng6 36. Kf2 Rd2+ 37. Be2 Rd4 38. Ke3 Rd6 39. Rxa4 Ne7 40. Ra6
Nf5+ 41. Kf2 Rd2 42. Ke1 Rb2 43. Ra7 Nd4 44. Bh5 Rxh2 45. Bxf7 Kf8 46. Bg6 Rg2
47. a4 Rxg3 48. Bh7 Ra3 49. a5 h5 50. Be4 0-1

[Event "Tata Steel India Blitz"]
[Site "Kolkata IND"]
[Date "2018.11.13"]
[Round "8.5"]
[White "Nakamura, Hikaru"]
[Black "Vidit, Santosh Gujrathi"]
[Result "1/2-1/2"]
[WhiteTitle "GM"]
[BlackTitle "GM"]
[WhiteElo "2746"]
[BlackElo "2702"]
[WhiteFideId "2016192"]
[BlackFideId "5029465"]
[EventDate "2018.11.13"]

1. Nf3 d5 2. e3 Nf6 3. c4 e6 4. b3 Bd6 5. Bb2 b6 6. Nc3 a6 7. cxd5 exd5 8. d4
O-O 9. g3 Ne4 10. Nxe4 dxe4 11. Nd2 Bb7 12. Bg2 f5 13. O-O Nd7 14. f3 Nf6 15.
fxe4 Nxe4 16. Nxe4 Bxe4 17. Bxe4 fxe4 18. Qg4 Qe7 19. Rxf8+ Rxf8 20. Rf1 Rxf1+
21. Kxf1 Qe8 22. Kg2 h5 23. Qe2 b5 24. Bc3 Qg6 25. Be1 Qf5 26. h3 Kf7 27. g4
hxg4 28. hxg4 Qe6 29. Bg3 Bxg3 30. Kxg3 Qd6+ 31. Kg2 Qf6 32. Qc2 Qf3+ 33. Kh2
Qxe3 34. Qxc7+ Kg6 35. Qd6+ Kh7 36. Qe5 Qf2+ 37. Kh3 e3 38. Qh5+ Kg8 39. Qe8+
Kh7 40. Qh5+ Kg8 41. Qe8+ 1/2-1/2

[Event "Tata Steel India Blitz"]
[Site "Kolkata IND"]
[Date "2018.11.13"]
[Round "9.1"]
[White "Anand, Viswanathan"]
[Black "Aronian, Levon"]
[Result "0-1"]
[WhiteTitle "GM"]
[BlackTitle "GM"]
[WhiteElo "2773"]
[BlackElo "2765"]
[WhiteFideId "5000017"]
[BlackFideId "13300474"]
[EventDate "2018.11.13"]

1. e4 e5 2. Nf3 Nc6 3. Bb5 a6 4. Ba4 Nf6 5. O-O Be7 6. d3 b5 7. Bb3 d6 8. a3 O-O
9. Nc3 Na5 10. Ba2 Be6 11. b4 Bxa2 12. Rxa2 Nc6 13. Bg5 Nd7 14. Bd2 Nf6 15. Nd5
Nxd5 16. exd5 Nb8 17. c4 Nd7 18. Qb3 f5 19. Rc2 Bf6 20. Be3 g5 21. h3 h5 22.
cxb5 g4 23. hxg4 hxg4 24. Nh2 axb5 25. Rfc1 Bg5 26. Rxc7 g3 27. Nf1 gxf2+ 28.
Kxf2 Bxe3+ 29. Nxe3 Qh4+ 30. Ke2 f4 31. Nd1 f3+ 32. gxf3 Rxf3 33. Rc8+ Rf8 34.
Rxa8 Qh2+ 35. Ke1 Rxa8 36. Rc2 Qg3+ 37. Rf2 Nf6 38. Kf1 Ng4 0-1

[Event "Tata Steel India Blitz"]
[Site "Kolkata IND"]
[Date "2018.11.13"]
[Round "9.2"]
[White "Vidit, Santosh Gujrathi"]
[Black "Harikrishna, Pentala"]
[Result "1/2-1/2"]
[WhiteTitle "GM"]
[BlackTitle "GM"]
[WhiteElo "2702"]
[BlackElo "2729"]
[WhiteFideId "5029465"]
[BlackFideId "5007003"]
[EventDate "2018.11.13"]

1. c4 Nf6 2. Nc3 e5 3. Nf3 Nc6 4. g3 d5 5. cxd5 Nxd5 6. Bg2 Nb6 7. O-O Be7 8. a3
O-O 9. d3 Be6 10. Be3 Nd5 11. Nxd5 Bxd5 12. Qa4 Re8 13. Rac1 a6 14. Nd2 Bxg2 15.
Kxg2 Nd4 16. Bxd4 exd4 17. Nf3 c5 18. b4 Qd5 19. b5 Qd7 20. Rb1 Bf8 21. Rfe1
Reb8 22. Qc4 axb5 23. Qxb5 Qxb5 24. Rxb5 Rxa3 25. Reb1 Ra2 26. Rxb7 Rxb7 27.
Rxb7 Rxe2 28. Kf1 Re7 29. Rb8 f6 30. Nd2 Kf7 31. Nc4 Ra7 32. g4 g6 33. Rb6 Be7
34. Rc6 Ra1+ 35. Ke2 Rh1 36. Nb6 Rxh2 37. Nd5 Bd8 38. Rxc5 f5 39. gxf5 gxf5 40.
Nf4 Rh6 41. Rxf5+ Rf6 42. Rxf6+ Kxf6 43. Kf3 Kf5 44. Ne2 Bb6 45. Ng3+ Kg5 46.
Ne4+ Kf5 47. Nd6+ Ke6 48. Nc4 Bc7 49. Ke4 h5 50. Nd2 h4 51. Nf3 Bd8 52. Nxd4+
Kf6 53. Ne2 h3 54. Ng3 Kg5 55. f4+ Kg4 56. Nf1 Bc7 57. f5 Kg5 58. d4 h2 59. Nxh2
Bxh2 1/2-1/2

[Event "Tata Steel India Blitz"]
[Site "Kolkata IND"]
[Date "2018.11.13"]
[Round "9.3"]
[White "Praggnanandhaa, R"]
[Black "Nakamura, Hikaru"]
[Result "1/2-1/2"]
[WhiteTitle "GM"]
[BlackTitle "GM"]
[WhiteElo "2530"]
[BlackElo "2746"]
[WhiteFideId "25059530"]
[BlackFideId "2016192"]
[EventDate "2018.11.13"]

1. Nf3 d5 2. g3 g6 3. c4 d4 4. b4 Bg7 5. Bg2 d3 6. Nc3 dxe2 7. Qxe2 Nc6 8. b5
Nb4 9. O-O Bf5 10. Ne5 Nd3 11. g4 Bxe5 12. gxf5 Qd4 13. Ba3 Qf4 14. Rfd1 Qxh2+
15. Kf1 Qxg2+ 16. Kxg2 Nf4+ 17. Kf3 Nxe2 18. Kxe2 Bxc3 19. dxc3 Nf6 20. Rd3 O-O
21. Kf3 Rfe8 22. Re1 e6 23. fxe6 fxe6 24. Bc1 e5 25. Kg2 Re6 26. Bg5 Rae8 27.
Rde3 Nd7 28. Rd1 Rd6 29. Red3 Ree6 30. Be3 b6 31. Rd5 Nf6 32. R5d2 Ne4 33. Rxd6
Rxd6 34. Rb1 Rd3 35. Rb4 Rxc3 36. Ra4 Nd6 37. Rxa7 Rxc4 38. a4 Nf5 39. Bd2 e4
40. Bf4 h6 41. Bxc7 Rc2 42. Kf1 e3 43. fxe3 Nxe3+ 44. Ke1 Nd5 45. Be5 Rc4 46.
Kd2 Re4 47. Bb2 Kf8 48. Rd7 Nf4 49. Rd6 Rxa4 50. Rxb6 Ke8 51. Be5 Ra2+ 52. Kd1
Nd3 53. Bd4 Ra4 54. Bc3 Rc4 55. Bg7 g5 56. Bxh6 g4 57. Rg6 Kf7 58. Rg7+ Kf6 59.
b6 Rb4 60. b7 Nc5 61. Rxg4 Rxb7 62. Be3 Ne6 63. Ke2 Ke5 64. Ra4 Rb3 65. Rg4 Ra3
66. Rb4 Kd5 67. Rb5+ Kc4 68. Re5 Ra6 69. Kf3 Rc6 70. Ke4 Nc7 71. Rc5+ Rxc5 72.
Bxc5 Kxc5 1/2-1/2